000 00322nam a22001337a 4500
008 180316b xxu||||| |||| 00| 0 eng d
020 _a9781285775319
041 _aeng
080 _28th
_a33
100 _a57
101 _aBIZ
245 _aThe computer and information science and technology
_cKelly,M
942 _2udc
_cBK
999 _c45253
_d45253